| 000 | 01374cam a22003378a 4500 | ||
|---|---|---|---|
| 001 | 15671381 | ||
| 005 | 20161012132139.0 | ||
| 008 | 090324s2009 enk |rb 001 0 eng | ||
| 010 | _a 2009012469 | ||
| 020 | _a9780415773805 (pbk. : alk. paper) | ||
| 040 |
_aDLC _cDLC |
||
| 043 |
_aaw----- _ama----- |
||
| 050 | 0 | 0 |
_aJQ1850.A91 _bS77 2009 |
| 082 | 0 | 0 |
_a320.956 _222 _bSTR |
| 245 | 0 | 4 |
_aThe Struggle over Democracy in the Middle East : _bRegional Politics and External Policies / _cEdited by Nathan J. Brown and Emad El-Din Shahin. |
| 260 |
_aMilton Park, Abingdon, Oxon ; _aNew York : _bRoutledge, 2010 _c2010 |
||
| 263 | _a1111 | ||
| 300 |
_a201p.; _c22 cm. |
||
| 490 | 0 |
_aUCLA Center for Middle East Development (CMED) series ; _v1 |
|
| 504 | _aIncludes bibliographical references and index. | ||
| 651 | 0 |
_aArab countries _xPolitics and government _y1945- _911826 |
|
| 651 | 0 |
_aMiddle East _xPolitics and government _y1979- _911827 |
|
| 650 | 0 |
_911825 _aDemocracy _zMiddle East |
|
| 650 | 0 |
_911823 _aDemocratization _zMiddle East |
|
| 650 | 0 |
_911824 _aDemocracy _zArab countries |
|
| 650 | 0 |
_911822 _aDemocratization _zArab countries |
|
| 700 | 1 |
_aBrown, Nathan J. _911828 |
|
| 700 | 1 |
_aShahin, Emad Eldin, _d1957- _911829 |
|
| 942 |
_2ddc _cBB |
||
| 999 |
_c13491 _d13491 |
||